[Event "ROM-ch"]
[Site "Eforie Nord"]
[Date "2024.02.26"]
[Round "4"]
[White "Corbu, George Alexandru"]
[Black "Ciorgovean, Iustin"]
[Result "1/2-1/2"]
[WhiteElo "1902"]
[BlackElo "2310"]
[PlyCount "49"]
[EventDate "2024.02.24"]
[EventType "swiss"]
[EventRounds "9"]
[EventCountry "ROU"]
[SourceTitle "CB10_2024"]
[SourceDate "2024.03.06"]
[SourceVersion "1"]
[SourceVersionDate "2024.03.06"]
[SourceQuality "1"]

1. d4 Nf6 2. c4 g6 3. Nc3 Bg7 4. e4 d6 5. h3 Nbd7 6. Nf3 e5 7. d5 Nc5 8. Qc2 a5 9. Be2 0-0 10. Be3 Ne8 11. g4 f5 12. exf5 gxf5 13. 0-0-0 b6 14. Nd2 Bd7 15. f3 Qe7 16. Rdg1 a4 17. Ndb1 Kh8 18. g5 c6 19. h4 Nc7 20. Qd2 cxd5 21. cxd5 f4 22. Bxc5 bxc5 23. Ne4 Nb5 24. Bxb5 Bxb5 25. Nbc3 1/2-1/2

[Event "ROM-ch"]
[Site "Eforie Nord"]
[Date "2024.02.25"]
[Round "2"]
[White "Corbu, George Alexandru"]
[Black "Armenciu, Bogdan Ovidiu"]
[Result "0-1"]
[WhiteElo "1902"]
[BlackElo "1936"]
[PlyCount "64"]
[EventDate "2024.02.24"]
[EventType "swiss"]
[EventRounds "9"]
[EventCountry "ROU"]
[SourceTitle "CB10_2024"]
[SourceDate "2024.03.06"]
[SourceVersion "1"]
[SourceVersionDate "2024.03.06"]
[SourceQuality "1"]

1. d4 Nf6 2. c4 c5 3. d5 b5 4. cxb5 a6 5. bxa6 g6 6. Nc3 Bg7 7. e4 Qa5 8. Bd2 Bxa6 9. Nge2 0-0 10. a4 Qb4 11. f3 Qb7 12. Be3 d6 13. Rb1 Nbd7 14. b3 Rfb8 15. Ng3 Ne8 16. Nb5 Nc7 17. Nxc7 Qxc7 18. Qc2 Qb7 19. Ne2 Bxe2 20. Bxe2 Rxa4 21. Bd2 Ra3 22. b4 Bd4 23. Qc1 Qa7 24. b5 Nb6 25. Bd1 Ra8 26. Ke2 Qd7 27. Bc2 Ra1 28. Rd1 R8a2 29. Rxa1 Rxa1 30. Qxa1 Bxa1 31. Rxa1 Qxb5+ 32. Kd1 Qf1+ 0-1

[Event "Sebes GP op"]
[Site "Sebes"]
[Date "2023.11.04"]
[Round "2"]
[White "Corbu, George Alexandru"]
[Black "Drazic, Sinisa"]
[Result "0-1"]
[WhiteElo "1872"]
[BlackElo "2294"]
[PlyCount "62"]
[EventDate "2023.11.04"]
[EventType "swiss"]
[EventRounds "10"]
[EventCountry "ROU"]
[SourceTitle "CB46_2023"]
[SourceDate "2023.11.15"]
[SourceVersion "1"]
[SourceVersionDate "2023.11.15"]
[SourceQuality "1"]

1. d4 d5 2. c4 dxc4 3. e3 Be6 4. Nc3 Nf6 5. Nf3 a6 6. a4 c5 7. Ng5 cxd4 8. Nxe6 fxe6 9. exd4 Nc6 10. Be3 e5 11. d5 Na5 12. Be2 e6 13. dxe6 Bb4 14. Qc2 0-0 15. 0-0 Qd6 16. Na2 Bc5 17. Rad1 Qe7 18. Bd2 Nc6 19. Qxc4 Nd4 20. b4 Ba7 21. Nc3 Rac8 22. Qa2 Qxe6 23. Qb2 Nxe2+ 24. Nxe2 Ng4 25. Be1 e4 26. h3 Ne5 27. Nc1 e3 28. Kh1 Qc4 29. Qe2 Qxe2 30. Nxe2 Rc2 31. Ng3 e2 0-1

[Event "Braila GP RO Stage 5"]
[Site "Braila"]
[Date "2022.11.05"]
[Round "1"]
[White "Corbu, George Alexandru"]
[Black "Hamitevici, Vladimir"]
[Result "0-1"]
[WhiteElo "1851"]
[BlackElo "2502"]
[PlyCount "50"]
[EventDate "2022.11.05"]
[EventType "swiss (rapid)"]
[EventRounds "10"]
[EventCountry "ROU"]
[SourceTitle "EXT 2024"]
[Source "ChessBase"]
[SourceDate "2023.10.10"]
[SourceVersion "1"]
[SourceVersionDate "2023.10.10"]
[SourceQuality "1"]

1. d4 g6 2. c4 Bg7 3. Nc3 d6 4. e4 e5 5. d5 a5 6. Be3 Na6 7. h3 f5 8. exf5 gxf5 9. Qh5+ Kf8 10. Bd3 Qe8 11. Qd1 Nf6 12. Nge2 f4 13. Bd2 e4 14. Bc2 f3 15. Ng3 fxg2 16. Rg1 Bxh3 17. Ncxe4 Nb4 18. Bxb4 axb4 19. Qf3 Qe5 20. Qb3 Bh6 21. Qxb4 Re8 22. a4 Rg8 23. Ra3 Rxg3 24. Rxg3 Nxe4 25. Rxh3 Ng3+ 0-1

[Event "Cap Aurora FISCA op"]
[Site "Cap Aurora"]
[Date "2022.06.28"]
[Round "8"]
[White "Nacu, Mihai"]
[Black "Corbu, George Alexandru"]
[Result "1-0"]
[WhiteElo "1641"]
[BlackElo "1914"]
[PlyCount "73"]
[EventDate "2022.06.22"]
[EventType "swiss"]
[EventRounds "9"]
[EventCountry "ROU"]
[SourceTitle "EXT 2023"]
[Source "ChessBase"]
[SourceDate "2022.10.05"]
[SourceVersion "1"]
[SourceVersionDate "2022.10.05"]
[SourceQuality "1"]

1. c4 b6 2. Nc3 Bb7 3. d4 Nf6 4. f3 e6 5. e4 d5 6. e5 Nfd7 7. Be3 c5 8. cxd5 exd5 9. f4 a6 10. Nf3 cxd4 11. Nxd4 Nc5 12. Be2 Ne4 13. Nxe4 dxe4 14. 0-0 Bc5 15. Nf5 Bxe3+ 16. Nxe3 0-0 17. Nf5 b5 18. Qxd8 Rxd8 19. Nd6 Ra7 20. Rac1 Bc6 21. Rc5 f6 22. Rfc1 fxe5 23. fxe5 Re7 24. Bd1 g6 25. Bb3+ Kg7 26. Rxc6 Nxc6 27. Rxc6 e3 28. e6 Rf8 29. Rc1 a5 30. Nxb5 a4 31. Bc4 Rc8 32. b3 Rxe6 33. Re1 Re7 34. Nc3 axb3 35. axb3 Re5 36. Nd5 e2 37. Rxe2 1-0

[Event "Cap Aurora FISCA op"]
[Site "Cap Aurora"]
[Date "2022.06.27"]
[Round "7"]
[White "Corbu, George Alexandru"]
[Black "Bujorean, Dorel"]
[Result "1/2-1/2"]
[WhiteElo "1914"]
[BlackElo "1608"]
[PlyCount "149"]
[EventDate "2022.06.22"]
[EventType "swiss"]
[EventRounds "9"]
[EventCountry "ROU"]
[SourceTitle "EXT 2023"]
[Source "ChessBase"]
[SourceDate "2022.10.05"]
[SourceVersion "1"]
[SourceVersionDate "2022.10.05"]
[SourceQuality "1"]

1. d4 Nf6 2. c4 e6 3. Nc3 Bb4 4. e3 0-0 5. Bd2 c5 6. Nf3 Bxc3 7. Bxc3 Ne4 8. Rc1 Nxc3 9. Rxc3 cxd4 10. exd4 d5 11. c5 Nc6 12. Bb5 Bd7 13. Bxc6 Bxc6 14. 0-0 Bb5 15. Re1 a5 16. Qd2 b6 17. Qf4 bxc5 18. dxc5 Qf6 19. Qd4 Rfc8 20. Ne5 Qe7 21. f4 Rc7 22. a3 a4 23. Rec1 Rac8 24. Qb4 Be8 25. Nd3 Rb7 26. Qd4 Bb5 27. Nb4 Bc4 28. c6 Rxb4 29. axb4 Qxb4 30. Qa7 g6 31. Kh1 Qb5 32. Qb7 Qxc6 33. Qxc6 Rxc6 34. Kg1 Rb6 35. R1c2 Kg7 36. Rc1 Kg8 37. R1c2 Kg7 38. Rd2 Kf6 39. Kf2 h5 40. Rf3 Kf5 41. g3 Rb4 42. h3 Bb5 43. Re3 h4 44. Re5+ Kf6 45. Re3 hxg3+ 46. Kxg3 d4 47. Re5 d3 48. Rc5 Rb3 49. Kf2 Kg7 50. Ke3 f5 51. Rc7+ Kf6 52. Rb7 Rb4 53. Rb6 Re4+ 54. Kf3 Bc4 55. Rb4 g5 56. fxg5+ Kxg5 57. Rxa4 e5 58. Rb4 Re2 59. Rxe2 dxe2 60. Kf2 Bd3 61. Rb8 e4 62. Re8 f4 63. b4 e3+ 64. Ke1 Kh4 65. Rd8 Bb5 66. Rd5 Bc6 67. Rd4 Kg3 68. Rd6 Bb5 69. Rd5 Bc4 70. Rc5 Bd3 71. Rc3 Bb5 72. Rc5 Bd3 73. Rc3 Bb5 74. Rc5 Bd3 75. Rc3 1/2-1/2

[Event "ROM-ch U14"]
[Site "Eforie Nord"]
[Date "2022.04.12"]
[Round "2"]
[White "Corbu, George Alexandru"]
[Black "Trifu, Stefan"]
[Result "1-0"]
[WhiteElo "1953"]
[BlackElo "1766"]
[PlyCount "69"]
[EventDate "2022.04.11"]
[EventType "swiss"]
[EventRounds "9"]
[EventCountry "ROU"]
[SourceTitle "EXT 2023"]
[Source "ChessBase"]
[SourceDate "2022.10.05"]
[SourceVersion "1"]
[SourceVersionDate "2022.10.05"]
[SourceQuality "1"]

1. d4 Nf6 2. c4 e6 3. Nc3 Bb4 4. Bd2 0-0 5. e3 Nc6 6. Nf3 d6 7. Qc2 e5 8. d5 Ne7 9. Bd3 c6 10. e4 Nd7 11. a3 Bxc3 12. Bxc3 Nc5 13. dxc6 bxc6 14. b4 Nxd3+ 15. Qxd3 f5 16. 0-0-0 fxe4 17. Qxe4 Rf4 18. Qxe5 Qf8 19. Qxd6 Rxc4 20. Kb2 Bg4 21. Rd3 Bf5 22. Rd2 Rc8 23. Rc1 Ng6 24. Qxf8+ Rxf8 25. Nd4 Be4 26. Ne6 Rb8 27. Rd7 Rxc3 28. Rxc3 Bd5 29. Rd8+ Rxd8 30. Nxd8 Ne5 31. f4 Nc4+ 32. Kc1 Kf8 33. Nxc6 a6 34. Ne5 Nd6 35. Rd3 1-0

[Event "Jupiter FISCA op"]
[Site "Jupiter"]
[Date "2021.06.28"]
[Round "6"]
[White "Vilcu, Matei Stefan"]
[Black "Corbu, George Alexandru"]
[Result "1-0"]
[WhiteElo "2043"]
[BlackElo "1654"]
[PlyCount "63"]
[EventDate "2021.06.23"]
[EventType "swiss"]
[EventRounds "9"]
[EventCountry "ROU"]
[SourceTitle "EXT 2022"]
[Source "ChessBase"]
[SourceDate "2021.10.06"]
[SourceVersion "1"]
[SourceVersionDate "2021.10.06"]
[SourceQuality "1"]

1. e4 e5 2. Nf3 Nc6 3. Bc4 Be7 4. d4 d6 5. dxe5 dxe5 6. Qxd8+ Bxd8 7. Nc3 f6 8. Be3 a6 9. a4 Be7 10. Nd5 Bd6 11. c3 Nge7 12. b4 Nxd5 13. Bxd5 Ne7 14. Bb3 Bd7 15. 0-0 h5 16. Ne1 f5 17. exf5 Nxf5 18. Bg5 Be7 19. Nf3 e4 20. Bxe7 exf3 21. Bg5 fxg2 22. Rfe1+ Kf8 23. Rad1 Bc6 24. Re5 g6 25. Re6 Kg7 26. Bf6+ Kh7 27. Bxh8 Rxh8 28. Bc2 Nh4 29. Be4 Bxa4 30. Ra1 Bb3 31. Re7+ Kh6 32. Bxb7 1-0

[Event "ROM-ch U14"]
[Site "Mamaia"]
[Date "2021.04.11"]
[Round "6"]
[White "Marginean, Bogdan Andrei"]
[Black "Corbu, George Alexandru"]
[Result "0-1"]
[WhiteElo "1378"]
[BlackElo "1708"]
[PlyCount "104"]
[EventDate "2021.04.07"]
[EventType "swiss"]
[EventRounds "9"]
[EventCountry "ROU"]
[SourceTitle "EXT 2022"]
[Source "ChessBase"]
[SourceDate "2021.10.06"]
[SourceVersion "1"]
[SourceVersionDate "2021.10.06"]
[SourceQuality "1"]

1. e4 e5 2. Nf3 Nc6 3. d4 exd4 4. Nxd4 Nf6 5. Bg5 h6 6. Nxc6 bxc6 7. Bh4 Qe7 8. Qe2 Qxe4 9. Bxf6 Qxe2+ 10. Bxe2 gxf6 11. Nd2 d5 12. 0-0-0 Be6 13. Nb3 Kd7 14. f4 f5 15. Bh5 Bd6 16. g3 c5 17. Bf3 c6 18. Na5 Rhc8 19. c3 Rab8 20. Rd2 Rb6 21. Rhd1 Ra6 22. Nxc6 Rcxc6 23. Bxd5 Bxd5 24. Rxd5 Ke6 25. Kb1 c4 26. Ka1 Rc5 27. Rxc5 Bxc5 28. a3 Rd6 29. Re1+ Kf6 30. Re5 Bb6 31. h3 Rd1+ 32. Ka2 Rg1 33. g4 fxg4 34. hxg4 Rxg4 35. Re4 h5 36. Rxc4 h4 37. Rc8 Kg7 38. Re8 h3 39. Re2 Rg2 40. Re1 h2 41. Rh1 Bg1 42. a4 Kf6 43. Kb1 Kf5 44. Kc1 Kxf4 45. Kd1 Rxb2 46. Ke1 Kf3 47. a5 Kg2 48. a6 Kxh1 49. Kf1 Rf2+ 50. Ke1 Kg2 51. c4 h1Q 52. Kd1 Bh2# 0-1

[Event "ROM-ch U14"]
[Site "Mamaia"]
[Date "2021.04.09"]
[Round "3"]
[White "Toma, Iustin"]
[Black "Corbu, George Alexandru"]
[Result "1-0"]
[WhiteElo "1231"]
[BlackElo "1708"]
[PlyCount "111"]
[EventDate "2021.04.07"]
[EventType "swiss"]
[EventRounds "9"]
[EventCountry "ROU"]
[SourceTitle "EXT 2022"]
[Source "ChessBase"]
[SourceDate "2021.10.06"]
[SourceVersion "1"]
[SourceVersionDate "2021.10.06"]
[SourceQuality "1"]

1. c4 e6 2. d4 d5 3. Nc3 Nf6 4. Nf3 Be7 5. a3 b6 6. cxd5 exd5 7. Bf4 0-0 8. Nb5 Ne8 9. Rc1 c6 10. Nxa7 Rxa7 11. Bxb8 Ra8 12. Bf4 Bb7 13. e3 Bd6 14. Ne5 Qe7 15. Be2 c5 16. 0-0 f6 17. Nd3 c4 18. Bxd6 Nxd6 19. Nf4 g5 20. Nh5 f5 21. Qc2 Rae8 22. Rce1 Qf7 23. h4 h6 24. hxg5 hxg5 25. g3 Bc8 26. Kg2 g4 27. Nf4 Kg7 28. Rh1 Rh8 29. Qc1 Bb7 30. Rxh8 Rxh8 31. Rh1 Qe8 32. f3 gxf3+ 33. Bxf3 Ne4 34. Rxh8 Qxh8 35. Nh5+ Kf7 36. Bxe4 Qxh5 37. Bf3 Qh6 38. Qh1 Qxh1+ 39. Kxh1 Ke7 40. Kg2 Kf6 41. Bd1 b5 42. Kf2 Ba6 43. Ke1 b4 44. axb4 Bb5 45. Kd2 Ke6 46. Kc3 Kd6 47. b3 cxb3 48. Kxb3 Kc7 49. Bc2 Bd7 50. Ka3 Kb6 51. Ba4 Bc8 52. Be8 Be6 53. Ka4 Ka6 54. b5+ Kb6 55. Kb4 Bg8 56. Bd7 1-0

[Event "ROM-ch U12"]
[Site "Calimanesti Caciulata"]
[Date "2019.04.21"]
[Round "8"]
[White "Corbu, George Alexandru"]
[Black "Anghelus, Alexandru Mihai"]
[Result "1-0"]
[WhiteElo "1677"]
[BlackElo "1262"]
[PlyCount "120"]
[EventDate "2019.04.15"]
[EventType "swiss"]
[EventRounds "9"]
[EventCountry "ROU"]
[SourceTitle "CBM 190 Extra"]
[Source "ChessBase"]
[SourceDate "2019.07.15"]
[SourceVersion "1"]
[SourceVersionDate "2019.07.15"]
[SourceQuality "1"]

1. d4 f5 2. Bg5 h6 3. Bh4 g5 4. Bg3 Nf6 5. e3 Bg7 6. Bd3 d6 7. c4 0-0 8. Nc3 Qe8 9. h4 Nh5 10. Nd5 Na6 11. hxg5 Nxg3 12. fxg3 hxg5 13. Qh5 Qxh5 14. Rxh5 Bf6 15. Nxf6+ exf6 16. Kd2 Bd7 17. Rf1 Nb4 18. Bb1 Kg7 19. a3 Kg6 20. g4 Nc6 21. Rh3 Ne7 22. gxf5+ Bxf5 23. Bxf5+ Nxf5 24. g4 Nh6 25. Rg3 Rae8 26. Nh3 Re6 27. Kd3 Rfe8 28. Rfg1 Nxg4 29. Nf4+ gxf4 30. Rxg4+ Kf7 31. Rg7+ Kf8 32. Rg8+ Ke7 33. Rxe8+ Kxe8 34. exf4 Kf7 35. f5 Re8 36. Rh1 Rg8 37. Rh3 Rg5 38. Rf3 Rh5 39. Ke4 Rh2 40. b4 Rh1 41. Kd5 Ke7 42. b5 b6 43. Kc6 Rc1 44. Kxc7 Rxc4+ 45. Kb7 Ra4 46. Rh3 Ra5 47. Kc6 d5 48. Rh7+ Kf8 49. a4 Kg8 50. Rd7 Rxa4 51. Kxd5 Rb4 52. Kc6 Rc4+ 53. Kb7 Rb4 54. Rd5 Rb3 55. Kxa7 Ra3+ 56. Kxb6 Ra8 57. Kb7 Rf8 58. Kc7 Rf7+ 59. Rd7 Rxd7+ 60. Kxd7 Kf7 1-0

[Event "ROM-ch U12"]
[Site "Calimanesti Caciulata"]
[Date "2019.04.17"]
[Round "3"]
[White "Rusnac, Mihai"]
[Black "Corbu, George Alexandru"]
[Result "1/2-1/2"]
[WhiteElo "1217"]
[BlackElo "1677"]
[PlyCount "40"]
[EventDate "2019.04.15"]
[EventType "swiss"]
[EventRounds "9"]
[EventCountry "ROU"]
[SourceTitle "CBM 190 Extra"]
[Source "ChessBase"]
[SourceDate "2019.07.15"]
[SourceVersion "1"]
[SourceVersionDate "2019.07.15"]
[SourceQuality "1"]

1. d4 d5 2. Nf3 Nf6 3. e3 e6 4. Bd3 Bd6 5. Nbd2 Nbd7 6. 0-0 0-0 7. e4 dxe4 8. Nxe4 b6 9. Nxd6 cxd6 10. Bf4 Qe7 11. Re1 Bb7 12. c3 Rfd8 13. Qe2 a6 14. Rad1 b5 15. a3 Nb6 16. Nd2 Rac8 17. Bg3 Bd5 18. Bh4 h6 19. Bxf6 Qxf6 20. Be4 Bc4 1/2-1/2

[Event "EU Union-ch U08"]
[Site "Kouty nad Desnou"]
[Date "2016.08.13"]
[Round "8"]
[White "Klonov, Jakov"]
[Black "Corbu, George Alexandru"]
[Result "1-0"]
[WhiteElo "1232"]
[BlackElo "1195"]
[PlyCount "75"]
[EventDate "2016.08.06"]
[EventType "swiss"]
[EventRounds "9"]
[EventCountry "CZE"]
[SourceTitle "CBM 174 Extra"]
[Source "ChessBase"]
[SourceDate "2016.10.10"]
[SourceVersion "1"]
[SourceVersionDate "2016.10.10"]
[SourceQuality "1"]

1. e4 e5 2. Nf3 Nc6 3. Bc4 Bc5 4. c3 Nf6 5. d3 d6 6. Nbd2 a6 7. Bb3 h6 8. Nf1 Bg4 9. h3 Bh5 10. Ng3 Bg6 11. 0-0 0-0 12. Be3 Ba7 13. Bxa7 Nxa7 14. Nh4 Bh7 15. Ngf5 Nc6 16. Qf3 Qd7 17. Qg3 Bxf5 18. Nxf5 Ne8 19. Nxh6+ Kh7 20. Nf5 Ne7 21. Qh4+ Kg8 22. Nxe7+ Qxe7 23. Qxe7 Nf6 24. Qxc7 g6 25. Qxd6 Kg7 26. Qxe5 Rh8 27. Rfe1 Rh5 28. Qf4 Rah8 29. e5 Ne8 30. Qxf7+ Kh6 31. Re3 Rf5 32. Qxb7 Ng7 33. Qxa6 Rh7 34. Rg3 Rg5 35. Rxg5 Kxg5 36. Bf7 Rh6 37. Qf6+ Kh5 38. g4# 1-0

[Event "ROM-ch U08"]
[Site "Calimanesti Caciulata"]
[Date "2016.04.25"]
[Round "9"]
[White "Corbu, George Alexandru"]
[Black "Magold, Filip"]
[Result "1-0"]
[WhiteElo "1195"]
[BlackElo "1383"]
[PlyCount "95"]
[EventDate "2016.04.18"]
[EventType "swiss"]
[EventRounds "9"]
[EventCountry "ROU"]
[SourceTitle "EXT 2017"]
[Source "ChessBase"]
[SourceDate "2016.10.25"]
[SourceVersion "1"]
[SourceVersionDate "2016.10.25"]
[SourceQuality "1"]

1. d4 d5 2. c4 e6 3. Nf3 c6 4. Nc3 Nf6 5. Bg5 Nbd7 6. a3 Qa5 7. b4 Qc7 8. e3 h6 9. Bf4 Bd6 10. Bxd6 Qxd6 11. c5 Qc7 12. Bd3 b6 13. 0-0 0-0 14. Rc1 a5 15. Qb3 b5 16. Ra1 a4 17. Qd1 e5 18. dxe5 Nxe5 19. Nxe5 Qxe5 20. Ne2 Ng4 21. Ng3 f5 22. h3 Nf6 23. Ne2 Bd7 24. Ng3 Ne4 25. Bxe4 fxe4 26. Qd4 Qe7 27. Rad1 Rad8 28. Qb2 Qg5 29. Qe2 Rf6 30. Qh5 Qxh5 31. Nxh5 Rg6 32. Nf4 Rg5 33. f3 Bc8 34. fxe4 Re8 35. exd5 cxd5 36. Rxd5 Rg3 37. Rf3 Rxf3 38. gxf3 Kh7 39. Kf2 g5 40. Nh5 Kg6 41. Ng3 Bxh3 42. Rd6+ Kh7 43. Nh5 Rc8 44. Kg3 Bf1 45. Nf6+ Kg7 46. Ne4 Bc4 47. Rd7+ Kg6 48. Nd6 1-0

[Event "ROM-ch U08"]
[Site "Calimanesti Caciulata"]
[Date "2016.04.19"]
[Round "2"]
[White "Cretu, Luca Mihai"]
[Black "Corbu, George Alexandru"]
[Result "0-1"]
[WhiteElo "1090"]
[BlackElo "1195"]
[PlyCount "132"]
[EventDate "2016.04.18"]
[EventType "swiss"]
[EventRounds "9"]
[EventCountry "ROU"]
[SourceTitle "CBM 172 Extra"]
[Source "ChessBase"]
[SourceDate "2016.06.21"]
[SourceVersion "1"]
[SourceVersionDate "2016.06.21"]
[SourceQuality "1"]

1. d4 d5 2. Nf3 Bf5 3. Bf4 Nc6 4. e3 Nf6 5. Nbd2 e6 6. h3 Bd6 7. Be5 Bxe5 8. dxe5 Nd7 9. Bb5 Nb6 10. Nd4 Qd7 11. N2b3 0-0 12. 0-0 a6 13. Bxc6 bxc6 14. c3 c5 15. Nxc5 Qe7 16. Ncb3 c5 17. Nxf5 exf5 18. f4 Rad8 19. Qc2 Nc4 20. Rfe1 g6 21. Rad1 f6 22. exf6 Rxf6 23. Nd2 Nxe3 24. Qb3 Re6 25. Rc1 Kg7 26. Re2 d4 27. cxd4 cxd4 28. Qa4 d3 29. Ree1 Nc2 30. Rxe6 Qxe6 31. Qa5 Rd5 32. Qc7+ Kh6 33. Qc4 Qe3+ 34. Kh2 Qxd2 35. Qxd5 Qxf4+ 36. g3 Qxc1 37. Qxd3 Nb4 38. Qd6 Qxb2+ 39. Kh1 Qb1+ 40. Kg2 Qxa2+ 41. Kh1 Qd5+ 42. Qxd5 Nxd5 43. Kg1 Kg5 44. Kf2 f4 45. g4 Kh4 46. Kg2 Ne3+ 47. Kf3 Kxh3 48. Kxf4 Nxg4 49. Kf3 a5 50. Ke2 Ne5 51. Kd2 g5 52. Kc3 g4 53. Kd4 g3 54. Kxe5 g2 55. Kd5 g1Q 56. Kc6 Kg4 57. Kb5 Qc1 58. Kxa5 Qb2 59. Ka4 Kf4 60. Ka5 Qb3 61. Ka6 Qb4 62. Ka7 Qb5 63. Ka8 Ke5 64. Ka7 Kd6 65. Ka8 Kc7 66. Ka7 Qb7# 0-1

[Event "ROM-ch U08"]
[Site "Calimanesti"]
[Date "2015.04.05"]
[Round "8"]
[White "Filip, Andrei"]
[Black "Corbu, George Alexandru"]
[Result "1-0"]
[WhiteElo "1170"]
[BlackElo "1001"]
[PlyCount "20"]
[EventDate "2015.03.30"]
[EventType "swiss"]
[EventRounds "9"]
[EventCountry "ROU"]
[SourceTitle "CBM 165 Extra"]
[Source "ChessBase"]
[SourceDate "2015.04.21"]
[SourceVersion "1"]
[SourceVersionDate "2015.04.21"]
[SourceQuality "1"]

1. d4 d5 2. c4 e6 3. Nc3 Nf6 4. Nf3 Be7 5. e3 0-0 6. Be2 dxc4 7. Bxc4 Nbd7 8. 0-0 c5 9. g3 cxd4 10. exd4 Re8 1-0

[Event "ROM-ch U08"]
[Site "Calimanesti"]
[Date "2015.04.03"]
[Round "6"]
[White "Corbu, George Alexandru"]
[Black "Revnic, Radu Andrei"]
[Result "1-0"]
[WhiteElo "1001"]
[BlackElo "1111"]
[PlyCount "59"]
[EventDate "2015.03.30"]
[EventType "swiss"]
[EventRounds "9"]
[EventCountry "ROU"]
[SourceTitle "CBM 165 Extra"]
[Source "ChessBase"]
[SourceDate "2015.04.21"]
[SourceVersion "1"]
[SourceVersionDate "2015.04.21"]
[SourceQuality "1"]

1. d4 Nf6 2. Nf3 e6 3. e3 d5 4. c4 c5 5. Bd3 dxc4 6. Bxc4 a6 7. Be2 b5 8. b3 Bd6 9. dxc5 Be7 10. 0-0 Qc7 11. Nbd2 Nbd7 12. Re1 Nxc5 13. Nf1 Bb7 14. Ng3 0-0 15. Bb2 Nce4 16. Nxe4 Bxe4 17. Be5 Qd7 18. Bxf6 Bxf6 19. Qxd7 Rfd8 20. Qc7 Rac8 21. Qg3 h6 22. Rac1 Kh7 23. Rxc8 Rxc8 24. Ne5 Bg6 25. Nxg6 fxg6 26. Bd3 Bg5 27. Qh3 Rd8 28. Bb1 Bf6 29. Qxe6 Kh8 30. Bxg6 1-0